000 00630nam a2200181Ia 4500
003 GCL
008 140319s9999 xx 000 0 ara d
040 _aGCL /
_cGCL
082 0 4 _a737.49531
_bب م
100 1 _aبوتس، د0ت
245 1 0 _aمسكوكات ماقبل الاسلام فى شرق الجزيرة العربية /
_cبوتس، د0ت
250 _aالاولى
260 _aالامارات :
_bمنشوارت دائرة الثقافة والاعلام ،
_c1998
300 _a308 ص ؛
_c32 سم
650 0 4 _aالمسكوكات العربية
650 0 4 _aالمسكوكات القديمة
942 _2ddc
_cBK
999 _c3132
_d3132